000 01569nam0a2200349 4500
001 RU\NLR\bibl\404732
005 20260407151342.0
021 _aRU
_b2003-15056
_9704
035 _a(NLR Aleph) 000398864
090 _a562342
_c562342
100 _a20030523d2001 |||y0rusy50 ca
101 0 _arus
102 _aRU
105 _aa |||||||||
200 1 _aВопросы эксплуатации северных газовых и газоконденсатных месторождений
_e(Сб. науч. тр.)
_fОткрытое АО "Газпром", О-во с огранич. ответственностью "НИИ природ. газов и газовых технологий - ВНИИГАЗ"
_g[Науч. ред. В. А. Истомин]
210 _aМ.
_cВНИИГАЗ
_d2001
215 _a129 с.
_cил.
_d20
320 _aБиблиогр. в конце ст.
606 0 _aЕстественные газы
_jСборники
_xДобыча
_yКрайний Север
_92314334
_3RU\NLR\AUTH\6601610300
675 _a622.279.5(470-17)(082)
_v3
_zrus
686 _a52.13
_2rugasnti
686 _a33.361
_2rubbk
686 _aИ362я43
702 1 _aИстомин
_bВ. А.
_gВладимир Александрович
_4340
712 0 2 _4570
_aНИИ природных газов и газовых технологий
_cМосква
_9552297
_3RU\NLR\AUTH\8810027062
801 0 _aRU
_bRKP
_c20030523
_gPSBO
801 1 _aRU
_bRKP
_c20030523
801 2 _aRU
_bNLR
_c20030618
_grcr
942 _cBOOK
980 _aNB